000 00336nam a22001457a 4500
020 _a81-7133-803-8
082 _a579
_bKOT/H
100 _aKOTPAL, R.L
245 _aHELMINTHES
_bZOOLOGY PHYLUM
250 _aFIFTH EDITION
260 _aMEERUT
_bRASTOGI PUBLICATIONS
300 _a292
650 _aBIOLOGY REFERENCE
_zINDIA
942 _cBK
999 _c1358
_d1358